| 000 | 00334nam a22001457a 4500 | ||
|---|---|---|---|
| 003 | SGT | ||
| 020 | _a978-81-7473-335-1 | ||
| 082 |
_a610.01 _bB18I |
||
| 100 | _aINDRAYAN, ABHAYA | ||
| 245 | _aBASIC METHODS OF MEDICAL RESEARCH | ||
| 260 |
_aNEW DELHI _bAITBS _c2018 |
||
| 300 | _a2018 | ||
| 650 | _aAYURVEDA PUB | ||
| 942 |
_2ddc _cBK _032 |
||
| 999 |
_c16901 _d16901 |
||